| 000 | 02117cam a22004694i 4500 | ||
|---|---|---|---|
| 003 | PE-LiUPU | ||
| 005 | 20250731172915.0 | ||
| 008 | 170508s1962 Miu r 000 0 spa d | ||
| 035 | _a(Sirsi) a187802 | ||
| 040 |
_aPE-LiUPU _bspa _cPE-LiUPU _erda |
||
| 049 | _aPRUA | ||
| 082 | 0 | 4 |
_a227.3 _bH88 _220 |
| 100 | 1 |
_aHughes, Philip Edgcumbe, _eautor. |
|
| 245 | 1 | 0 |
_aPaul's second epistle to the Corinthians : _bthe English text with introduction, exposition and notes / _cPhilip Edgcumbe Hughes. |
| 264 | 1 |
_aGrand Rapids, Michigan : _bW.B. Eerdmans, _c1962. |
|
| 300 |
_axxxvi,508 pages ; _c23 centimeters. |
||
| 336 |
_atext _2rdacontent |
||
| 337 |
_aunmediated _2rdamedia |
||
| 338 |
_avolume _2rdacarrier |
||
| 490 | 0 | _aThe new international commentary of the New Testament. | |
| 504 | _aIndex : pages 491-494. | ||
| 505 | 0 | _aSalutation -- Thanksgiving for comfort in aflicction -- Paul's integrity of motive and conduct -- The notorius offender at Corinth --Waiting -- An espistle of Christ -- With unveiled face -- Treasure in earthen vessels -- The prospect of death and its consequences -- The ministry of reconciliation -- A spiritual father's appeal to this children -- The meeting with titus -- The grace of Christian giving -- Paul affirms his apostolic authority. | |
| 526 | _aSEG42 | ||
| 526 | _aSEG41 | ||
| 526 | _aSEG40 | ||
| 526 | _aSEG39 | ||
| 526 | _aP94 | ||
| 526 | _aP87 | ||
| 526 | _aP86 | ||
| 526 | _aP85 | ||
| 526 | _aP77 | ||
| 526 | _aP76 | ||
| 526 | _aP35 | ||
| 630 | 0 | 0 |
_aBiblia. _pCorinthians 2nd _xCommentaries. |
| 910 |
_ajck _bncf _cncf _d20170508 |
||
| 942 |
_2ddc _cBOOK |
||
| 949 |
_a227.3 H88 _wDEWEY _c1 _i75751 _lCCODEBUL1 _mBUL _p16.00 _r0 _sY _tBOOK _u2017-05-08 _xPOSGRADO _zMA.TEOLOGIA _0DONACION _o.STAFF. Colección Teologia |
||
| 994 |
_aC0 _bPEPRU |
||
| 596 | _a1 | ||
| 999 |
_a227.3 H88 _wDEWEY _c18510 _i75751 _f2021-11-9 _g4 _lCCODEBUL1 _mBUL _p16.00 _r0 _sY _tBOOK _u2017-5-8 _xTEOLOGIA _PP85 _0COMPRA _o.STAFF. Colección Teologia _d18510 |
||
| 980 |
_81 _gALBERTO SANCHEZ Responsable de Automatización |
||